German History General Knowledge #1 - Statistics

General Stats
  • This quiz has been taken 333 times
    173 since last reset
  • The average score is 11 of 17
Answer Stats
Year Clue Answer % Correct
1949 As a result of the Cold War, Germany splits into two countries: East Germany
84%
... and this West Germany
84%
1945 This war ends World War 2
84%
... it begun in this year 1939
81%
1870 Germany fights a war against this country France
81%
1848 The March Revolution starts in this city Berlin
80%
1949 This city becomes capital of the latter Bonn
74%
800 This man is crowned emperor of the Romans in Aachen Charlemagne
74%
1888 This monarch then comes to power Wilhelm II
72%
1888 This monarch dies Wilhelm I
70%
1806 After Napoleon arrived, this Empire that preceded Germany dissolves Holy Roman Empire
59%
1618 This war begins 30 Years war
52%
1864 Germany fights a war with this country Denmark
49%
1849 As a result of the above, the first German parliament meets here St. Pauls Church, Frankfurt
48%
1933 This Party gains control NSDAP
47%
1970 This chancellor kneels in the Ghetto of Warsaw; he will later receive a Nobel Peace Prize for his engagement in Eastern Europe Willy Brandt
36%
1888 This monarch only reigns for a couple of months Friedrich III
31%
No matching quizzes found
Score Distribution
Percent of People with Each Score
Percentile by Number Answered
Your Score History
You have not taken this quiz since the last reset